00278nam a22001337a 4500003000400000020001800004082001700022100002000039245002700059250001400086260001700100300000900117650001800126SGT a9789354641473 a616.31bB22G aGlick, Michael  aBurket's Oral Medicine a13th Ed.  bWiley c2022 a1172 aOral Medicine